00429nam a22001457a 4500003000400000082001900004100001900023245003000042260002500072300000700097653004200104942001200146952010800158999001700266SGT a617.6342bM26R aRawat, Mallika aThe Mid- treatment crisis aGurugrambSGTUc2026 a80 a Conservative dentistry & Endodontics 2ddccTH 00102ddc4071aFDbFDcREFd2026-04-11l0o617.6342 M26RpDT2676r2026-04-11 00:00:00w2026-04-11yTH c34620d34620